00783nam a2200181Ia 4500003000900000008004100009020003000050022002200080022002300102040001600125100002700141245006700168260013300235300002000368490002700388700002300415856016300438IN-BaIIA211028s9999 xx s 000 0 eng d a978-1-108-47161-9 (Print) a1743-9213 (Print) a1743-9221 (Online) cIIA Library aMcQuinn, K. B. W., ed. 0aDwarf Galaxies: From the Deep Universe to the Presenth[eBook] aCambridge bCambridge University Press c2019 aOnline resource aIAU Symposium; no. 344 aStierwalt, S., ed. uhttps://www.cambridge.org/core/journals/proceedings-of-the-international-astronomical-union/issue/2DB6DB9490B5315A2850321FE81920B6yClick Here to Access eBook